000 00398nam a22001457a 4500
008 230314b |||||||| |||| 00| 0 eng d
020 _a978-0-615-40583-4
082 _a781
100 _aJanet Herman and Kheng Sonam Dorji
245 _aMasters of Bhutanese Traditional Music Volume 1
260 _bMusic of Bhutan Research Center
300 _a58 p.
_c21.5 cm
500 _awith CD
942 _2ddc
999 _c9414
_d9415